01491cam a22003615i 450000100090000000300090000900500170001800800410003502000150007602000180009104000430010908200170015210000510016924500990022025000200031925000270033926400800036626400100044630000700045633600260052633700280055233800270058050000230060750400510063052002040068165000370088565100100092265300320093265500210096494200120098599900170099795201150101415531078EG-ScBUE20250813092425.0081121t2010 njua f bd 001 0 eng d a0321644166 a9780321644169 aEG-ScBUEbengerdacEG-ScBUEdEG-ScBUE04a547bBRU2221 aBruice, Paula Yurkanis,d1941-934897eauthor.10aEssential organic chemistry /cPaula Yurkanis Bruice, University of California, Santa Barbara. aSecond edition. aInternational edition. 1aUpper Saddle River, New Jersey : bPrentice Hall/Pearson Education,c[2010] 4cc2010 a1 volume (various pagings) :billustrations (some color) ;c28 cm 2rdacontentatextbtxt aunmediated2rdamediabn avolumebnc2rdacarrier aIncludes Glossary. aIncludes bibliographical references and index.8 aDesigned for a one-term course, this organic chemistry helps students see organic chemistry as an interesting and exciting science and to give them an opportunity to develop critical thinking skills. 7aChemistry, Organic.2BUEsh96234 2BUEsh bENGGENbENGCHEcOctober2015 vText book933728 2ddccBB c20893d20865 00102ddc40708BaccahaMAINbMAINc1STd2015-10-08ePurchasel0o547 BRUp000039871r2025-07-15 00:00:00yNB